| 000 | 00697nam a2200217 a 4500 | ||
|---|---|---|---|
| 001 | 55260 | ||
| 003 | BD-RjUL | ||
| 005 | 20211209080235.0 | ||
| 008 | 161115b1982 bg ||||| |||| 00| 0 ben d | ||
| 035 | _a(BD-RjUL)55382 | ||
| 040 |
_aBD-RjUL _bben _cBD-RjUL _dBD-RjUL |
||
| 041 | _aben | ||
| 082 |
_223 _a891.441 _bAJB 1982 |
||
| 100 |
_aআজাদ, আবিদ _9164633 |
||
| 245 | 1 | 0 |
_aবনতরুদের মর্ম / _cআবিদ আজাদ, |
| 260 |
_aঢাকা : _bশিল্পতরু, _c১৯৮২. |
||
| 300 |
_a১২৭ পৃ. ; _c২৩ সেমি. |
||
| 650 |
_aবাংলা কবিতা _9164634 |
||
| 650 |
_aBengali Poetry _9164635 |
||
| 942 |
_2ddc _cBK |
||
| 999 |
_c55260 _d55260 |
||